Statistics for European Country Tripoints

Click here to take the quiz!

General Stats

  • This quiz has been taken 62 times
  • The average score is 33 of 46

Answer Stats

_ TRIPOINT % Correct
AAndorra; France; Spain
90%
BBelgium; Germany; Netherlands
88%
FFinland; Norway; Sweden
86%
AAustria; Germany; Switzerland
86%
FFrance; Italy; Switzerland
86%
EEstonia; Latvia; Russia
84%
CCzech Republic; Germany; Poland
84%
AAlbania; Greece; Macedonia
82%
BBelarus; Russia; Ukraine
82%
BBelgium; Germany; Luxembourg
82%
AAustria; Hungary; Slovenia
80%
BBosnia and Herzegovina; Croatia; Serbia
80%
AAustria; Hungary; Slovakia
80%
AAustria; Italy; Switzerland
78%
FFinland; Norway; Russia
78%
AAustria; Liechtenstein; Switzerland
78%
FFrance; Germany; Switzerland
78%
BBelgium; France; Luxembourg
78%
AAustria; Italy; Slovenia
76%
FFrance; Germany; Luxembourg
76%
AAustria; Czech Republic; Germany
76%
AAlbania; Kosovo; Macedonia
76%
AAlbania; Kosovo; Montenegro
73%
AAustria; Czech Republic; Slovakia
73%
CCzech Republic; Poland; Slovakia
69%
BBulgaria; Romania; Serbia
69%
KKosovo; Montenegro; Serbia
67%
BBelarus; Latvia; Russia
67%
BBelarus; Lithuania; Poland
67%
LLithuania; Poland; Russia
67%
BBulgaria; Greece; Macedonia
67%
BBulgaria; Greece; Turkey
65%
BBelarus; Latvia; Lithuania
65%
KKosovo; Macedonia; Serbia
63%
CCroatia; Hungary; Slovenia
63%
MMoldova; Romania; Ukraine
63%
BBosnia and Herzegovina; Montenegro; Serbia
61%
BBelarus; Poland; Ukraine
61%
HHungary; Romania; Serbia
61%
BBosnia and Herzegovina; Croatia; Montenegro
59%
HHungary; Romania; Ukraine
57%
BBulgaria; Macedonia; Serbia
57%
PPoland; Slovakia; Ukraine
57%
HHungary; Slovakia; Ukraine
55%
CCroatia; Hungary; Serbia
55%

Score Distribution

Percentile by Number Answered

Percent of People with Each Score

Your Score History

You have not taken this quiz